| 000 | 00883nam a22001815i 4500 | ||
|---|---|---|---|
| 001 | 161521 | ||
| 003 | ES-MaACL | ||
| 005 | 20230906212314.0 | ||
| 008 | 020304s1868 sp |||| | spa d | ||
| 040 |
_aCAM _bspa _cCAM |
||
| 100 | 1 |
_aPastorfido, Miguel. _989537 |
|
| 245 | 1 | 0 |
_aCosas de mi tio _b: comedia en un acto y en verso / _coriginal de Miguel Pastorfido. |
| 260 |
_aMadrid : _b[s.n.], _c1868 ( _fImprenta de José Rodriguez) |
||
| 300 |
_a35 p. ; _c20 cm. |
||
| 500 | _aEn port.: Representado por primera vez en el teatro del Príncipe el 11 de enero de 1868. | ||
| 596 | _aEn verso de port. consta: "... de las Galerías Dramáticas y líricas de los Sres. Gullon é Hidalgo ..." | ||
| 852 |
_aES-MaACL _jF-8614(9) _z-- Enc. pasta española _q-- Falto de la cub. original _z-- Enc. en un vol. facticio formando parte de la col. facticia "Teatro español moderno", vol. 69 |
||
| 999 |
_c161521 _d161521 |
||